| 000 | 01147cab a22002055a 4500 | ||
|---|---|---|---|
| 001 | L139739 | ||
| 008 | 070807e20070803xxk f 000 0 eng d | ||
| 035 | _a(Sirsi) u139739 | ||
| 041 | 0 | _aeng | |
| 100 | 1 | _aGarthwaite, Helen | |
| 245 | 0 | 4 | _aThe devil in the detail |
| 260 | _c2007 | ||
| 490 | 0 |
_aBuilding _v272(8491) 3 August 2007, 48(1) |
|
| 520 | _aDiscusses limitations on liability as specified in contract clauses, and the problems they can cause. Provides the example of an engineer and client who had agreed to use terms of engagement based on the ACE Agreement B(1) 2002 (revised 2004). The terms of engagement contained clause 8.2 (liability not to exceed amount of insurance) and the client?s claim was foiled by the detail of the engineer?s policy. Suggests that a single financial cap only on liability, maybe set by reference to the level of professional indemnity insurance, would have been a better solution. | ||
| 590 | _aKA | ||
| 650 | 2 | 4 | _aACE AGREEMENT B(1) (2002 EDITION) (REVISED 2004) |
| 651 | 4 |
_aUnited Kingdom _y |
|
| 690 | _aBUILT ENVIRONMENT-CONSTRUCTION MANAGEMENT-BUILDING CONTRACT ADMINISTRATION | ||
| 942 | _n0 | ||
| 999 |
_c79076 _d79076 |
||